00434 2200181 4500001002100000005001500021035002000036245004100056100001600097300002800113260003100141082000800172084001400180020002200194990001200216990001200228990001200240INLIS00000000000292320250911030234 a0010-09250002701 aIPS Sosiologi Kelas X /cKun Maryati0 aKun Maryati a212 hlm ;c17,5 x 25 cm aJakarta :bErlangga,c2025 a300 a300 KUN i a978-623-522-258-5 a0755308 a0755309 a0755310